000 00440nmm a2200157Ia 4500
008 251105s9999||||xx |||||||||||||||||und||
020 _a9788499186504
041 _aspa
100 _aSerrano, José Luis
245 0 _aLa Alhambra de Salomón
264 _a[Madrid, España] :
_bRoca Editorial,
_c2013
300 _a413 páginas
650 _aHistorical fiction
856 _uhttps://public.digitaliapublishing.com/a/34503
942 _cCF
999 _c92436
_d92436